00471 2200181 4500001002100000005001500021035002000036245004700056100002300103250001700126300003200143260003500175082000800210084001400218020002200232650001000254500002500264INLIS00000000000071920241010081057 a0010-10240000121 aKata-Kata Ajaib Nana /cBambang Trimansyah0 aBambang Trimansyah aCetakan ke-1 aiv, 42 hlm :bIlus ;c21 cm aJakarta :bGaneca exact,c2007 a813 a813 BAM k a978-979-571-499-6 4aFiksi aSeri Etika Pergaulan